Amerikan valtiot, jotka eivät sijaitse Atlantin rannikolla - Statistics

Yleistilastot
  • Tätä visaa on pelattu 1 072 kertaa
  • Keskiarvotulos 4 / 5
Vastaustilastot
Valtio % Oikein
Peru
88%
Bolivia
82%
Ecuador
82%
Paraguay
79%
El Salvador
66%
Ehtoja vastaavia visoja ei löytynyt
Tulosjakauma
Jokaisen tuloksen saaneiden osuus
Persentiili vastausten määrän mukaan
Tuloshistoriasi
Et ole pelannut tätä visaa